Catálogo
 En Linea

The life of Columbus, the discoverer of America. / (Registro nro. 33195)

Detalles MARC
000 -CABECERA
campo de control de longitud fija 00504nam a2200169 a 4500
001 - NÚMERO DE CONTROL
campo de control 000033704
005 - FECHA Y HORA DE LA ÚLTIMA TRANSACCIÓN
campo de control 20200930070445.0
008 - DATOS DE LONGITUD FIJA--INFORMACIÓN GENERAL
campo de control de longitud fija 110906s1869 000 spa d
040 ## - FUENTE DE LA CATALOGACIÓN
Centro catalogador/agencia de origen DO-SdBNP
Lengua de catalogación spa
Centro/agencia transcriptor BNPHU
082 ## - NÚMERO DE LA CLASIFICACIÓN DECIMAL DEWEY
Número de clasificación xxxx
Número de documento/Ítem H484l
049 ## - FONDOS LOCALES (OCLC)
Fondos de biblioteca BNPD
100 1# - ENTRADA PRINCIPAL--NOMBRE DE PERSONA
Nombre de persona Helps, Arthur,
Fechas asociadas al nombre 1813-1875
9 (RLIN) 59155
245 10 - MENCIÓN DE TÍTULO
Título The life of Columbus, the discoverer of America. /
Mención de responsabilidad, etc. Chiefly by Arthur Helps.
250 ## - MENCIÓN DE EDICIÓN
Mención de edición 2a ed.
260 ## - PUBLICACIÓN, DISTRIBUCIÓN, ETC.
Lugar de publicación, distribución, etc. London, Inglaterra :
Nombre del editor, distribuidor, etc. Bell and Daldy,
Fecha de publicación, distribución, etc. 1869.
300 ## - DESCRIPCIÓN FÍSICA
Extensión 262 p. ;
Dimensiones 19 cm.
Existencias
Estado de retiro Estado de pérdida Restricciones de uso No para préstamo Código de colección Localización permanente Ubicación/localización actual Ubicación en estantería Fecha de adquisición Número de inventario Total de préstamos Signatura topográfica completa Código de barras Fecha visto por última vez Precio válido a partir de Tipo de ítem Koha
      Excluido de préstamo Monografías: Libros y Folletos Patrimonio Dominicano Patrimonio Dominicano En catalogación 06.09.2011 LF1   xxxx H484l 33704-10 25.06.2020 25.06.2020 No se presta
        Monografías: Libros y Folletos Patrimonio Dominicano Patrimonio Dominicano Orden iniciada 06.09.2011 LF1   xxxx H484l 33705-10 25.06.2020 25.06.2020 No se presta

Con tecnología Koha